01355nam a2200277 i 4500003000900000005001700009007000300026008004100029040003000070041000800100082002200108100004800130245008200178250002300260264008300283300002900366336002700395337003400422338002800456500037700484590002700861910001300888942001400901952014500915999001701060DO-SdBNP20251007142704.0ta251007b1964 dr ||||| |||| 00| 0 spa d aDO-SdBNPbspacBNPHUerda aspa 4a0bC965c 1963222 aCuello, Antonio,d1906-eautor4aut.91970010aCurso completo de de Correspondencia :b66 lecciones / cProf. Antonio Cuello aTercera edición  aSantiago, República Dominicana :bImprenta de L. H. Cruz, C. por A.,c1963.  a158 páginas ;c23 cm.  atextobtxt2rdacontent asin mediación bn2rdamedia avolumenbnc2rdacarrier aQue abarcan correspondencia comercial -- Bancaria, Oficial -- Diplomática y social – Terminología y documentación mercantil – Abundantes modelos y ejercicios prácticos. Fácil -- Sencillo -- Eficaz -- Más de 3000 graduandos en diferentes especialidades comerciales, han logrado, siguiendo con interés este curso, magnifica reducción en corto tiempo.  aInventariado, 2025 /LP aLPérez 2ddccLBS1 00102ddc51708PD-RVaBNPHUbBNPHUcCTd2023-09-26eDonado por Bienvenido Britol0o0 C965c 1963p2025-11163r2025-10-07w2025-10-07yLBS1 c59923d59923